000 00719nai a2200181Ia 4500
003 IN-BaIIA
008 211028c9999 xx s 000 0 eng d
022 _a2689-1808 (Online)
040 _cIIA Library
245 0 _aIEEE Transactions on Quantum Engineering
_h[eJournal]
260 _aNew York, USA
_bThe Institute of Electrical and Electronics Engineers, Inc. (IEEE)
362 _a1;2020 - Present
521 _bSubscribed through National Knowledge Resource Consortium (NKRC)
650 _a Engineered Materials, Dielectrics and Plasmas
650 _aComponents, Circuits, Devices and Systems
856 _uhttps://ieeexplore.ieee.org/servlet/opac?punumber=8924785
_yClick Here to Access eJournal
942 _cEJ
999 _c34725
_d34725